| 000 | 00549nam a2200217Ia 4500 | ||
|---|---|---|---|
| 008 | 170918s9999 xx 000 0 und d | ||
| 020 | _a439326915 | ||
| 050 | _bA237 1999 | ||
| 100 | _aAdler, David A. | ||
| 245 | _aCam Jansen : | ||
| 245 | _band the barking treasure mystery / | ||
| 245 | _cDavid A. Adler ; illustrated by Susanna Natti. | ||
| 260 | _aNew York : | ||
| 260 | _bScholastic, | ||
| 260 | _c1999 | ||
| 300 | _a55 pages : | ||
| 300 | _bcolored illustration ; | ||
| 300 | _c19cm. | ||
| 440 | _aCam Jansen. | ||
| 500 | _a450 | ||
| 999 |
_c341503 _d341503 |
||